00938nam a2200193 a 4500020002700000020003000027100001800057245002400075250001200099260003700111300001300148520035700161650002400518700002000542856007000562942000700632999001500639952009000654 a0748722033 (paperback) a9780748722037 (paperback)1 aLewis, Roger.10aAdvanced business / a2nd ed. a[S.l.] :bNelson Thornes,c1995. a768 p. ; aClearly presents the information covered in the eight mandatory units of the Advanced Business GNVQ.Helps prepare students for the external tests and gives opportunities to practice Key Skills by providing numerous and varied activities.Includes numerous case studies of real businesses.Gives advice on how to go about building a portfolio of evidence. aBusiness management1 aTrevitt, Roger.40uhttp://www.amazon.com/exec/obidos/ASIN/0748722033/chopaconline-20 cBK c2315d2315 0010708NFICaICbICcGENd2015-10-17l0o658.1 LEWp002614r2022-11-17 00:00:00yBK